CCAA y provincias de España por bandera y forma - Estadísticas

Estadísticas generales
  • Esta prueba ha sido intentada 87 veces
    30 desde el último reinicio
  • La puntuación promedio es 14 de 18
Estadísticas de respuestas
Imagen Respuesta % Correcto
Cataluña
100%
Andalucía
96%
Islas Baleares
96%
Cantabria
93%
Castilla-la Mancha
93%
Castilla y León
93%
Comunidad Valenciana
93%
Galicia
93%
Islas Canarias
93%
La Rioja
93%
Principado de Asturias
93%
Murcia
89%
Navarra
85%
Melilla
56%
Huelva
44%
Málaga
37%
Toledo
37%
Guadalajara
30%
No se encontraron pruebas coincidentes
Distribución de puntuación
Porcentaje de gente con cada puntuación
Porcentaje por número respondido
Historial de tus puntuaciones
No has intentado esta prueba desde el último reinicio